1436 1168 1216 1608 1810 1255 1342 1773 1631 1382 1116 1840 1451 1992 1676 1970 1784 1658 1400 1949 1964 1309 1207 1601 1833 1269 1330 1847 1499 1712 1366 1287 1820 1149 1210 1430 1301 1478 1822 1346 1062 1603 1726 1173 1288 1399 1568 1805 1631 1608 1052 1013 1778 1863 1571 1254 1826 1026 1308 1775 1085 1252 1861 1040 1011 1331 1687 1419 1837 1064 1492 1042 1177 1868 1268 1082 1818 1007 1391 1169 1697 1467 1846 1848 1168 1091 1231 1978 1202 1894 1488 1825 1309 1984 1881 1103 1653 1961 1457 BCNSPRNW ULIB Ver.6.0+V

เปลี่ยนเป็นภาษาไทย

Change to English
 แสดงรายละเอียดบรรณานุกรม
  กลับหน้าหลัก

Brief Record : Get Marc (ISO 2709) : E-mail record : QR code < ปิดหน้าต่าง
LEADER : 00000nam 2200000uu 4500
001    13399111888
003     ULIB
008    110711s2549||||th 000 0 tha d
020    9746191462
020    9789746191463
050  4 DS586^bห367ส 2549
100 0  สุเมธ ตันติเวชกุล,^d2482-
245 10 หลักธรรมหลักทำตามรอยพระยุคลบาท /^cสุเมธ ตันติเวชกุล ;ประพัฒน์ แสงวณิช, บรรณาธิการ
250    พิมพ์ครั้งที่ 11
260    กรุงเทพฯ :^bโรงพิมพ์ด่านสุทธาการพิมพ์,^c2549
300    128 หน้า :^bภาพประกอบ :^c21 ซม.
600 07 ภูมิพลอดุลยเดช,^cพระบาทสมเด็จพระปรมินทรมหา,^d2470-^xพระราชกรณียกิจ
600 07 ภูมิพลอดุลยเดช,^cพระบาทสมเด็จพระปรมินทรมหา,^d2470-^xพระบรมราโชวาท
650  4 พระบรมราโชวาท
700 0  ประพัฒน์ แสงวณิช,^eบรรณาธิการ
945    ^p99^l0^i018052
945    ^p99^l0^i022954
995    ทศพร
999 ^a ใช้งานได้ทุกระบบ
รายการนี้ยังไม่มีแท็ก
คุณยังไม่ได้ล็อกอิน คุณสามารถมีกิจกรรมร่วมกับเว็บไซต์ได้ แต่ต้องล็อกอินก่อน ::
  ล็อกอิน

รายการสื่อสารสนเทศ

ลำดับที่ ประเภท เลขเรียก/บาร์โค้ด สถานที่ สถานะ
- ไม่พบข้อมูล -

รายการใกล้เคียง
    หัวเรื่อง [พระบรมราโชวาท]

BibComment


ยังไม่เคยถูกคอมเมนท์

คอมเมนท์ทรัพยากรรายการนี้
  คอมเมนท์: หลักธรรมหลักทำตาม..


 Copyright 2026. Bcnsprnw @Library